| 000 | 00536nam a2200217 454500 | ||
|---|---|---|---|
| 001 | 077102 | ||
| 003 | BD-ChCU | ||
| 008 | Eng | ||
| 020 | _a0195654722 | ||
| 040 |
_aDLC _cDLC _dBD-ChCU |
||
| 082 | 0 | 0 | _aR425/E130 |
| 100 | 1 |
_aEastwood, John. _bx |
|
| 245 | 1 | 0 |
_aOxford practice grammar with answers _bx |
| 250 | _a2nd. ed. | ||
| 260 |
_aNew Delhi _bOxford Univ, Press. _c2000 |
||
| 300 | _a432p | ||
| 504 | _aIncludes | ||
| 650 | 0 |
_aEnglish language-grammar _bEnglish-Language |
|
| 700 | 1 | _ax | |
| 942 |
_2ddc _cBK |
||
| 999 |
_c77102 _d77102 |
||